[Event "Florianopolis op 6th"]
[Site "Florianopolis"]
[Date "2020.01.20"]
[Round "1"]
[White "Barreiros da Silva, Denison Klein"]
[Black "El Debs, Felipe de Cresce"]
[Result "0-1"]
[WhiteElo "1988"]
[BlackElo "2552"]
[PlyCount "94"]
[EventDate "2020.01.20"]
[EventType "swiss"]
[EventRounds "10"]
[EventCountry "BRA"]
[SourceTitle "CBM 194 Extra"]
[Source "ChessBase"]
[SourceDate "2020.03.31"]
[SourceVersion "1"]
[SourceVersionDate "2020.03.31"]
[SourceQuality "1"]

1. e4 e5 2. Nf3 Nc6 3. Bc4 Nf6 4. d3 Be7 5. 0-0 0-0 6. Re1 d6 7. c3 Kh8 8. Nbd2 Ng8 9. h3 f5 10. Nf1 fxe4 11. dxe4 Qe8 12. Ng3 Nd8 13. Bd3 Ne6 14. c4 Qf7 15. Be3 a5 16. Qd2 b6 17. b3 Nf4 18. Bxf4 Qxf4 19. Nf5 Qxd2 20. Nxd2 Bg5 21. Nf1 Rf7 22. a3 g6 23. N5e3 Ne7 24. Nd5 Nc6 25. Nfe3 Be6 26. Nc2 Bh4 27. g3 Bg5 28. Kg2 Raf8 29. Re2 h5 30. b4 Kg7 31. Rf1 h4 32. g4 Ra8 33. b5 Nd8 34. a4 Nb7 35. Nce3 Nc5 36. Bc2 Raf8 37. f3 Bc8 38. Bd1 Bb7 39. Ref2 Nd3 40. Rc2 Kh6 41. Be2 Nc5 42. Ra2 Kg7 43. Rd1 Ne6 44. Rf1 Bxe3 45. Nxe3 Nf4+ 46. Kh2 Nxe2 47. Rxe2 Bxe4 0-1

[Event "Florianopolis op 5th"]
[Site "Florianopolis"]
[Date "2019.01.23"]
[Round "4"]
[White "Barreiros da Silva, Denison Klein"]
[Black "Rocancourt Moreira, Mauricio"]
[Result "1-0"]
[WhiteElo "1990"]
[BlackElo "1777"]
[PlyCount "36"]
[EventDate "2019.01.21"]
[EventType "swiss"]
[EventRounds "10"]
[EventCountry "BRA"]
[SourceTitle "CBM 188 Extra"]
[Source "ChessBase"]
[SourceDate "2019.02.26"]
[SourceVersion "1"]
[SourceVersionDate "2019.02.26"]
[SourceQuality "1"]

1. e4 c5 2. Nf3 e6 3. d4 cxd4 4. Nxd4 a6 5. Nc3 Qc7 6. a3 Nf6 7. Be2 b5 8. b4 Bb7 9. Bf3 d6 10. 0-0 Be7 11. g4 Nc6 12. Be3 Nd7 13. h3 Nxd4 14. Bxd4 Bf6 15. Ne2 Ne5 16. Ng3 Qc6 17. c3 Qd7 18. Be2 Qd8 1-0

[Event "Caioba Telecom op"]
[Site "Caioba"]
[Date "2018.08.03"]
[Round "6"]
[White "Predebon, Eduardo Angonesi"]
[Black "Barreiros da Silva, Denison Klein"]
[Result "0-1"]
[WhiteElo "1833"]
[BlackElo "2017"]
[PlyCount "55"]
[EventDate "2018.08.01"]
[EventType "swiss"]
[EventRounds "9"]
[EventCountry "BRA"]
[SourceTitle "CBM 186 Extra"]
[Source "ChessBase"]
[SourceDate "2018.08.24"]
[SourceVersion "1"]
[SourceVersionDate "2018.08.24"]
[SourceQuality "1"]

1. e4 c5 2. Ne2 e5 3. Nbc3 Nf6 4. g3 d5 5. exd5 Nxd5 6. Bg2 Be6 7. 0-0 Nc6 8. Re1 Be7 9. b3 0-0 10. Bb2 f6 11. Nxd5 Bxd5 12. Bxd5+ Qxd5 13. c4 Qd7 14. Nc3 Nb4 15. Re3 Rad8 16. a3 Nd3 17. Rxd3 Qxd3 18. Nd5 Bd6 19. Bc3 b5 20. Qf1 Qxf1+ 21. Kxf1 bxc4 22. bxc4 Rb8 23. a4 Rb3 24. a5 Rfb8 25. Ke2 e4 26. Ke3 f5 27. Ra4 Rb1 28. Ra2 0-1

[Event "Santa Catarina State-ch 62nd"]
[Site "Concordia"]
[Date "2018.02.25"]
[Round "6"]
[White "Woichinevski, Joao Vinicius Peruc"]
[Black "Barreiros da Silva, Denison Klein"]
[Result "0-1"]
[WhiteElo "1579"]
[BlackElo "2009"]
[PlyCount "36"]
[EventDate "2018.02.22"]
[EventType "swiss"]
[EventRounds "7"]
[EventCountry "BRA"]
[SourceTitle "CBM 183 Extra"]
[Source "ChessBase"]
[SourceDate "2018.04.19"]
[SourceVersion "1"]
[SourceVersionDate "2018.04.19"]
[SourceQuality "1"]

1. e4 c5 2. Nf3 d6 3. Bb5+ Bd7 4. Bxd7+ Nxd7 5. c4 g6 6. d4 cxd4 7. Nxd4 Bg7 8. Be3 Rc8 9. Qa4 Ngf6 10. Nd2 Ng4 11. Qxa7 Nc5 12. Qa3 Ra8 13. Qc3 Qb6 14. b3 Ne6 15. N2f3 g5 16. 0-0 Nxe3 17. fxe3 g4 18. c5 dxc5 0-1

[Event "Santa Catarina State-ch 62nd"]
[Site "Concordia"]
[Date "2018.02.22"]
[Round "1"]
[White "Manfroi, Alexander Giannini"]
[Black "Barreiros da Silva, Denison Klein"]
[Result "0-1"]
[WhiteElo "1782"]
[BlackElo "2009"]
[PlyCount "106"]
[EventDate "2018.02.22"]
[EventType "swiss"]
[EventRounds "7"]
[EventCountry "BRA"]
[SourceTitle "CBM 183 Extra"]
[Source "ChessBase"]
[SourceDate "2018.04.19"]
[SourceVersion "1"]
[SourceVersionDate "2018.04.19"]
[SourceQuality "1"]

1. e4 c5 2. Nc3 e6 3. Nf3 a6 4. a4 Nc6 5. g3 Nf6 6. Bg2 Be7 7. 0-0 d6 8. Re1 0-0 9. d4 cxd4 10. Nxd4 Bd7 11. Nxc6 Bxc6 12. e5 dxe5 13. Qxd8 Rfxd8 14. Bxc6 bxc6 15. Rxe5 Nd7 16. Re2 Bf6 17. Ne4 Be5 18. c3 Rab8 19. f4 Bc7 20. a5 Rb5 21. b4 c5 22. Ba3 cxb4 23. Bxb4 Nb8 24. Nc5 Bd6 25. Nd3 Nc6 26. Bxd6 Rxd6 27. Ne5 Nxe5 28. Rxe5 Rxe5 29. fxe5 Rd5 30. Rb1 g5 31. Rb8+ Kg7 32. Rc8 Rxe5 33. c4 Rxa5 34. c5 Ra1+ 35. Kg2 Rc1 36. c6 a5 37. c7 a4 38. Ra8 Rxc7 39. Rxa4 Kf6 40. h4 h5 41. Ra5 Rc2+ 42. Kf3 g4+ 43. Kf4 e5+ 44. Ke4 Re2+ 45. Kd3 Rg2 46. Ke4 Rxg3 47. Ra6+ Kg7 48. Kxe5 Rh3 49. Kf5 Rxh4 50. Ra7 g3 51. Kg5 g2 52. Ra4 Rxa4 53. Kxh5 Ra5+ 0-1

[Event "Florianopolis op 4th"]
[Site "Florianopolis"]
[Date "2018.01.20"]
[Round "3"]
[White "Barreiros da Silva, Denison Klein"]
[Black "Januario, Severino Pereira"]
[Result "1/2-1/2"]
[WhiteElo "2009"]
[BlackElo "2207"]
[PlyCount "90"]
[EventDate "2018.01.19"]
[EventType "swiss"]
[EventRounds "10"]
[EventCountry "BRA"]
[SourceTitle "EXT 2019"]
[Source "ChessBase"]
[SourceDate "2018.10.10"]
[SourceVersion "1"]
[SourceVersionDate "2018.10.10"]
[SourceQuality "1"]

1. e4 c5 2. Nf3 e6 3. d4 cxd4 4. Nxd4 Nc6 5. Nc3 a6 6. Be3 Qc7 7. Qd2 Nf6 8. f3 Bb4 9. a3 Be7 10. Nb3 b5 11. Bf4 Ne5 12. Be2 0-0 13. 0-0 d6 14. Rad1 Bb7 15. Nc1 Rfd8 16. Nd3 Nc4 17. Qe1 Rac8 18. Nb1 e5 19. Bg5 h6 20. Bc1 Re8 21. b3 Nb6 22. Qa5 Bd8 23. Be3 d5 24. Ne1 Qc6 25. Qb4 Be7 26. Qa5 Bc5 27. Bf2 dxe4 28. fxe4 Nxe4 29. Bf3 Bxf2+ 30. Rxf2 f5 31. Nd2 Qc7 32. Nxe4 fxe4 33. Bg4 Rcd8 34. Rxd8 Qxd8 35. Rd2 Qc7 36. c4 Qc5+ 37. Kh1 Rf8 38. h3 Qe3 39. Re2 Rf1+ 40. Kh2 Qf4+ 41. g3 Qf6 42. c5 Rf2+ 43. Ng2 Nd5 44. Rxf2 Qxf2 45. Qd8+ Kh7 1/2-1/2

[Event "Matinhos Caioba-ch"]
[Site "Matinhos"]
[Date "2015.08.30"]
[Round "6"]
[White "Barreiros da Silva, Denison Klein"]
[Black "Van Riemsdijk, Herman Claudius"]
[Result "0-1"]
[WhiteElo "2001"]
[BlackElo "2345"]
[PlyCount "46"]
[EventDate "2015.08.28"]
[EventType "swiss"]
[EventRounds "6"]
[EventCountry "BRA"]
[SourceTitle "EXT 2016"]
[Source "ChessBase"]
[SourceDate "2015.10.08"]
[SourceVersion "1"]
[SourceVersionDate "2015.10.08"]
[SourceQuality "1"]

1. e4 e5 2. Nf3 Nc6 3. Bc4 Nf6 4. Ng5 d5 5. exd5 Nd4 6. c3 b5 7. cxd4 bxc4 8. Qa4+ Nd7 9. Qc6 Rb8 10. Nxf7 Qf6 11. Nxh8 Bd6 12. dxe5 Qxe5+ 13. Kd1 Qd4 14. Nc3 Rb6 15. Re1+ Kf8 16. Re4 Qxf2 17. Qxc4 Nf6 18. Re3 Rb4 19. Qd3 Bg4+ 20. Rf3 Qxg2 21. Kc2 Qxf3 22. Qa6 Bf5+ 23. d3 Rd4 0-1

[Event "Matinhos Caioba-ch"]
[Site "Matinhos"]
[Date "2015.08.30"]
[Round "5"]
[White "Delgado, Lidio Dias"]
[Black "Barreiros da Silva, Denison Klein"]
[Result "1/2-1/2"]
[WhiteElo "2249"]
[BlackElo "2001"]
[PlyCount "37"]
[EventDate "2015.08.28"]
[EventType "swiss"]
[EventRounds "6"]
[EventCountry "BRA"]
[SourceTitle "EXT 2016"]
[Source "ChessBase"]
[SourceDate "2015.10.08"]
[SourceVersion "1"]
[SourceVersionDate "2015.10.08"]
[SourceQuality "1"]

1. e4 c5 2. Nf3 d6 3. d4 cxd4 4. Qxd4 Nc6 5. Bb5 Bd7 6. Bxc6 Bxc6 7. Nc3 e6 8. 0-0 Nf6 9. Bg5 Be7 10. Rad1 h6 11. Bh4 0-0 12. Rfe1 Qa5 13. Qd2 Qb6 14. Qd3 Rfd8 15. b3 Rac8 16. Nb1 Qa5 17. Nbd2 b5 18. Nd4 Be8 19. c4 1/2-1/2

[Event "Fraiburgo Alvino Memorial 3rd"]
[Site "Fraiburgo"]
[Date "2013.07.20"]
[Round "3"]
[White "Durante, Taina Seidel"]
[Black "Barreiros da Silva, Denison Klein"]
[Result "0-1"]
[WhiteElo "1708"]
[BlackElo "1993"]
[PlyCount "50"]
[EventDate "2013.07.19"]
[EventType "swiss"]
[EventRounds "6"]
[EventCountry "BRA"]
[SourceTitle "CBM 155 Extra"]
[Source "ChessBase"]
[SourceDate "2013.08.26"]
[SourceVersion "1"]
[SourceVersionDate "2013.08.26"]
[SourceQuality "1"]

1. e4 c5 2. Nc3 e6 3. g3 d5 4. d3 Nf6 5. Bg2 Be7 6. f4 Nc6 7. e5 Ng8 8. Qg4 g6 9. Qe2 h5 10. h3 Nh6 11. Nf3 Nf5 12. Qf2 Ncd4 13. 0-0 a6 14. Nd1 b5 15. c3 Nc6 16. Ne3 Bb7 17. Nc2 Qb6 18. Rd1 0-0-0 19. d4 Kb8 20. b3 Rc8 21. Ba3 b4 22. cxb4 cxb4 23. Bb2 Na7 24. Rdc1 Nb5 25. Ne3 Nfxd4 0-1

[Event "Sao Bento do Sul op"]
[Site "Sao Bento do Sul"]
[Date "2013.06.30"]
[Round "6"]
[White "Moraes, Maurino Anastacio"]
[Black "Barreiros da Silva, Denison Klein"]
[Result "0-1"]
[WhiteElo "1698"]
[BlackElo "1974"]
[PlyCount "32"]
[EventDate "2013.06.28"]
[EventType "swiss"]
[EventRounds "6"]
[EventCountry "BRA"]
[SourceTitle "EXT 2014"]
[Source "ChessBase"]
[SourceDate "2013.11.20"]
[SourceVersion "1"]
[SourceVersionDate "2013.11.20"]
[SourceQuality "1"]

1. b4 Nf6 2. Bb2 e6 3. a3 d5 4. Nf3 c5 5. b5 Bd6 6. e3 0-0 7. c4 Re8 8. Be2 Nbd7 9. 0-0 Qc7 10. d4 cxd4 11. cxd5 dxe3 12. dxe6 exf2+ 13. Rxf2 Rxe6 14. Rf1 Ng4 15. Qd3 Bxh2+ 16. Kh1 Rh6 0-1

[Event "Sao Bento do Sul op"]
[Site "Sao Bento do Sul"]
[Date "2013.06.29"]
[Round "4"]
[White "Scardini, Leonardo"]
[Black "Barreiros da Silva, Denison Klein"]
[Result "0-1"]
[WhiteElo "1588"]
[BlackElo "1974"]
[PlyCount "80"]
[EventDate "2013.06.28"]
[EventType "swiss"]
[EventRounds "6"]
[EventCountry "BRA"]
[SourceTitle "EXT 2014"]
[Source "ChessBase"]
[SourceDate "2013.11.20"]
[SourceVersion "1"]
[SourceVersionDate "2013.11.20"]
[SourceQuality "1"]

1. d4 b5 2. Nf3 Bb7 3. e3 a6 4. Bd3 e6 5. c3 Nf6 6. Nbd2 d5 7. Ne5 Nbd7 8. Ndf3 Bd6 9. Nxd7 Nxd7 10. 0-0 e5 11. dxe5 Nxe5 12. Nxe5 Bxe5 13. Qc2 c5 14. f4 Bc7 15. Be2 0-0 16. Bf3 Re8 17. Bd2 Qf6 18. g3 Rad8 19. Rad1 Bc8 20. Bc1 Bf5 21. Qg2 Be4 22. Bxe4 dxe4 23. Rxd8 Qxd8 24. Qc2 Qd5 25. b3 Rd8 26. Rf2 Qd1+ 27. Kg2 Rd3 28. Qxd1 Rxd1 29. Bd2 Ra1 30. Be1 Rxe1 31. Rd2 Kf8 32. Kf2 Rc1 33. Rd7 Ba5 34. Ra7 Rxc3 35. Rxa6 Rc2+ 36. Kg1 Re2 37. b4 cxb4 38. Ra8+ Ke7 39. Rb8 b3 40. Rxb5 b2 0-1

[Event "BRA-ch U20"]
[Site "Paranavai"]
[Date "2013.06.14"]
[Round "3"]
[White "Barreiros da Silva, Denison Klein"]
[Black "Carneiro, Vitor Roberto Castr"]
[Result "1/2-1/2"]
[WhiteElo "1974"]
[BlackElo "2227"]
[PlyCount "70"]
[EventDate "2013.06.13"]
[EventType "swiss"]
[EventRounds "7"]
[EventCountry "BRA"]
[SourceTitle "CBM 155 Extra"]
[Source "ChessBase"]
[SourceDate "2013.08.26"]
[SourceVersion "1"]
[SourceVersionDate "2013.08.26"]
[SourceQuality "1"]

1. e4 c6 2. Nc3 d5 3. Nf3 g6 4. exd5 cxd5 5. d4 Bg7 6. Bf4 Nf6 7. Bb5+ Nc6 8. 0-0 0-0 9. Re1 Bg4 10. Bxc6 bxc6 11. h3 Bf5 12. Ne5 Rc8 13. Na4 Ne4 14. f3 Nd6 15. Nc5 g5 16. Bh2 h6 17. Qe2 Qb6 18. g4 Bh7 19. a4 a5 20. h4 gxh4 21. Bf4 Bxe5 22. Qxe5 Nc4 23. Qh5 Qxb2 24. Bxh6 Qc3 25. Qg5+ Bg6 26. Qf4 Qb2 27. Rad1 Qb8 28. Qxb8 Rxb8 29. Bg5 Rb4 30. Bxe7 Nb2 31. Rd2 f6 32. Rde2 Nd3 33. Nxd3 Bxd3 34. Bxb4 Bxe2 35. Bxa5 Bxf3 1/2-1/2

[Event "Catarinense-ch U20"]
[Site "Concordia"]
[Date "2013.05.17"]
[Round "1"]
[White "Lazzarin, Patrick"]
[Black "Barreiros da Silva, Denison Klein"]
[Result "0-1"]
[WhiteElo "1815"]
[BlackElo "1974"]
[PlyCount "56"]
[EventDate "2013.05.17"]
[EventType "swiss"]
[EventRounds "6"]
[EventCountry "BRA"]
[SourceTitle "EXT 2015"]
[Source "ChessBase"]
[SourceDate "2014.11.20"]
[SourceVersion "1"]
[SourceVersionDate "2014.11.20"]
[SourceQuality "1"]

1. e4 c5 2. Nf3 d6 3. d4 cxd4 4. Nxd4 Nf6 5. Nc3 a6 6. f3 e6 7. g4 Be7 8. Be3 Qc7 9. Qd2 b5 10. 0-0-0 Nc6 11. Nxc6 Qxc6 12. h4 Bb7 13. h5 h6 14. g5 hxg5 15. Bxg5 0-0-0 16. h6 gxh6 17. Rxh6 Rxh6 18. Bxh6 d5 19. e5 Nd7 20. Bg5 Bxg5 21. Qxg5 Qc7 22. f4 Nb6 23. Ne2 Nc4 24. Rd3 Qa5 25. a3 d4 26. Bg2 Bxg2 27. Qxg2 Qe1+ 28. Rd1 Qxd1+ 0-1

[Event "Catarinense-ch 58th"]
[Site "Florianopolis"]
[Date "2013.03.31"]
[Round "7"]
[White "Barreiros da Silva, Denison Klein"]
[Black "Feliciano Ebert, Vanessa"]
[Result "0-1"]
[WhiteElo "1958"]
[BlackElo "2233"]
[PlyCount "130"]
[EventDate "2013.03.28"]
[EventType "swiss"]
[EventRounds "7"]
[EventCountry "BRA"]
[SourceTitle "CBM 153 Extra"]
[Source "ChessBase"]
[SourceDate "2013.04.22"]
[SourceVersion "1"]
[SourceVersionDate "2013.04.22"]
[SourceQuality "1"]

1. e4 c5 2. Nf3 Nc6 3. d4 cxd4 4. Nxd4 Nf6 5. Nc3 e5 6. Ndb5 d6 7. Bg5 a6 8. Na3 b5 9. Nd5 Be7 10. Bxf6 Bxf6 11. c3 0-0 12. Nc2 Bg5 13. a4 bxa4 14. Rxa4 a5 15. Bc4 Rb8 16. b3 Kh8 17. 0-0 g6 18. Nce3 f5 19. exf5 gxf5 20. f4 exf4 21. Nc2 Ne5 22. Nxf4 Nxc4 23. bxc4 Bd7 24. Ra2 Qe7 25. Re1 Qf7 26. Nd5 a4 27. Nb6 Bc6 28. Qxd6 Rxb6 29. Qd4+ Bf6 30. Qxb6 Qxc4 31. Qb4 Qg8 32. Nd4 Bd5 33. Rae2 f4 34. Qxf8 Qxf8 35. Re8 Qxe8 36. Rxe8+ Kg7 37. Nf5+ Kf7 38. Nd6+ Kg6 39. Nb5 Bc4 40. Na3 Bb3 41. Nb1 Bc2 42. Rb8 Be7 43. Rb2 Bc5+ 44. Kf1 Bd3+ 45. Ke1 a3 46. Nxa3 Bxa3 47. Rd2 Bb5 48. Rd4 Bc1 49. c4 Be8 50. g3 fxg3 51. hxg3 Ba3 52. Ke2 Kf6 53. Kd3 Bg6+ 54. Kc3 Ke5 55. Rd5+ Ke4 56. g4 Kf3 57. c5 Be4 58. Rg5 Kf4 59. Rg7 Bxc5 60. Kd2 Bd4 61. Rd7 Be3+ 62. Ke2 Bc5 63. Rg7 h6 64. Kf1 Bd4 65. Rg8 Be3 0-1

[Event "Catarinense-ch 58th"]
[Site "Florianopolis"]
[Date "2013.03.30"]
[Round "5"]
[White "Barreiros da Silva, Denison Klein"]
[Black "Hille, Waltercler"]
[Result "1-0"]
[WhiteElo "1958"]
[BlackElo "1944"]
[PlyCount "61"]
[EventDate "2013.03.28"]
[EventType "swiss"]
[EventRounds "7"]
[EventCountry "BRA"]
[SourceTitle "CBM 153 Extra"]
[Source "ChessBase"]
[SourceDate "2013.04.22"]
[SourceVersion "1"]
[SourceVersionDate "2013.04.22"]
[SourceQuality "1"]

1. e4 c5 2. Nf3 e6 3. d4 cxd4 4. Nxd4 a6 5. Nc3 Qc7 6. a3 b5 7. Be3 Nf6 8. Bd3 Bb7 9. 0-0 Nc6 10. Nb3 Ne5 11. h3 d5 12. exd5 Nxd5 13. Nxd5 Bxd5 14. f4 Nxd3 15. Qxd3 Rc8 16. Rf2 Be7 17. Bd4 f5 18. Be5 Qb7 19. Nd4 Rg8 20. Re1 g5 21. g3 gxf4 22. Bxf4 Rg6 23. Qd1 Kd7 24. Kh2 Rcg8 25. Nxf5 exf5 26. Rd2 Rd6 27. Bxd6 Kxd6 28. Qe2 Bf6 29. Qe6+ Kc5 30. b4+ Kc4 31. Qe2+ 1-0

[Event "Catarinense-ch sf3"]
[Site "Fraiburgo"]
[Date "2012.11.24"]
[Round "4.1"]
[White "Sekula, Markley Ribas"]
[Black "Barreiros da Silva, Denison Klein"]
[Result "1/2-1/2"]
[WhiteElo "2062"]
[BlackElo "1946"]
[PlyCount "114"]
[EventDate "2012.11.23"]
[EventType "swiss"]
[EventRounds "6"]
[EventCountry "BRA"]
[SourceTitle "EXT 2022"]
[Source "ChessBase"]
[SourceDate "2021.10.06"]
[SourceVersion "1"]
[SourceVersionDate "2021.10.06"]
[SourceQuality "1"]

1. c4 Nf6 2. Nf3 g6 3. g3 Bg7 4. Bg2 0-0 5. 0-0 d6 6. Nc3 e5 7. d4 Nbd7 8. dxe5 dxe5 9. e4 c6 10. b3 Qa5 11. Bd2 Qc7 12. Qc2 Nc5 13. Be3 Ne6 14. h3 Nh5 15. Rad1 f5 16. exf5 gxf5 17. Bc1 e4 18. Nh4 Nxg3 19. fxg3 Qxg3 20. Nxf5 Rxf5 21. Rxf5 Nd4 22. Qf2 Nxf5 23. Rd8+ Kf7 24. Nxe4 Qxf2+ 25. Kxf2 h6 26. Ba3 Be5 27. Bf3 Rb8 28. Bh5+ Kg7 29. Bf8+ Kh7 30. c5 Be6 31. Rxb8 Bxb8 32. Bd6 Nxd6 33. cxd6 Kg7 34. h4 Bf5 35. Ke3 Bxe4 36. d7 Bc7 37. Kxe4 Bd8 38. Ke5 Be7 39. Ke6 Bxh4 40. b4 Bd8 41. a4 a6 42. Be8 Kf8 43. Kd6 a5 44. bxa5 Bxa5 45. Bh5 Bd8 46. Bf3 Kf7 47. Bh5+ Kf6 48. Bf3 Kf5 49. Kc5 Bc7 50. Kb4 Ke6 51. Bg4+ Ke7 52. Kc5 Ba5 53. Kc4 Kd6 54. Kd4 b5 55. axb5 cxb5 56. Be2 Kc6 57. Bxb5+ Kxb5 1/2-1/2

[Event "BRA-ch U20"]
[Site "Sao Paulo"]
[Date "2012.06.09"]
[Round "5"]
[White "Barreiros da Silva, Denison Klein"]
[Black "De Carvalho, Igor Lorenzon"]
[Result "1-0"]
[WhiteElo "1918"]
[BlackElo "1867"]
[PlyCount "67"]
[EventDate "2012.06.07"]
[EventType "swiss"]
[EventRounds "7"]
[EventCountry "BRA"]
[SourceTitle "EXT 2014"]
[Source "ChessBase"]
[SourceDate "2013.11.20"]
[SourceVersion "1"]
[SourceVersionDate "2013.11.20"]
[SourceQuality "1"]

1. e4 c6 2. Nc3 d5 3. Nf3 dxe4 4. Nxe4 Nf6 5. Ng3 Bg4 6. Bc4 e6 7. h3 Bxf3 8. Qxf3 Nbd7 9. Bb3 Bd6 10. d4 Qc7 11. Ne2 0-0 12. c3 e5 13. 0-0 h6 14. Qf5 exd4 15. Nxd4 Kh8 16. Re1 g6 17. Qf3 Kg7 18. Bc2 Rae8 19. Bd2 a6 20. Rad1 c5 21. Ne2 Nh7 22. Qd3 Re6 23. c4 Ndf6 24. Nc3 Rfe8 25. Rxe6 Rxe6 26. Re1 Nf8 27. Rxe6 Nxe6 28. Ne2 Qc6 29. Qe3 Ng8 30. Bc3+ Kh7 31. Be4 Qa4 32. Qd3 Bb8 33. b3 Qxa2 34. Bxg6+ 1-0